LEADER 01572nam a2200301 4500 001 000000358385 003 CaOOAMICUS 005 20240517091044.0 008 240515s1981 gw 000 u ger r 020 $a3-451-19144-X 040 $aSeMil$bita 245 00$aDer Diakon :$bWiederentdeckung und Erneuerung seines Dienstes /$cherausgegeben von Josef G. Plöger und Hermann Joh. Weber. 264 1$aFreiburg [etc.] :$bHerder,$c1981. 300 $a325 p. ;$c23 cm 500 $a'Das Werk über die Wiederentdeckung und Erneuerung des Ständigen Diakonats ist aus Anlass des goldenen Priesterjubiläums des Kölner Weihbischofs Dr. Augustinus Fortz verfasst worden?, dalla prefazione a p. 9 650 4$aDiaconato - Sec. 20.-21.$0(OLS)http://semarc/subject/9337 650 4$aDiaconato - Storia.$0(OLS)http://semarc/subject/9665 650 4$aDiaconi - Chiesa cattolica.$0(OLS)http://semarc/subject/49796 700 1 $aWeber, Hermann Joh.$0(OLS)http://semarc/name/119729 700 1 $aFrotz, Augustinus,$d<1903-1994>.$0(OLS)http://semarc/name/119735 700 1 $aPlogel, Josef G.$0(OLS)http://semarc/name/119728 850 $aSeMil 852 $aSeMil$W1$xVenegono$y1$m2D V 58$j248325$B249497$CSeMilBibl$Z2$F249497 $81 961 $aCitrini don Tullio - Omaggio 996 $6020$a3-451-19144-X$9(OLS)http://semarc/number/300445 996 $6245$aDer Diakon :$bWiederentdeckung und Erneuerung seines Dienstes$9(OLS)http://semarc/title/448722 996 $6264$aFreiburg [etc.] :$bHerder$9(OLS)http://semarc/publisher/29649 LEADER 00624nab a2200145 i 4500 001 000000288259 003 CaOOAMICUS 005 20180831165405.0 008 180831n xx uu u0 0und r 013 $a42324 040 $aSeMil$bita 245 14$a[Un palpito solo di quella luce anche là dove Milano innalza i suoi nuovi quartieri. - Titolo in copertina]. 500 $aOttobre-Dicembre 1967. 773 0 $t[1967].$dMilano : Scuole grafiche Pavoniane Artigianelli, [1967]$w()246439 996 $6245$a[Un palpito solo di quella luce anche là dove Milano innalza i suoi nuovi quartieri. - Titolo in copertina]$9(OLS)http://semarc/title/368161